000
00228nam a2200097Ia 4500
001
714671
005
20250826162910.0
008
250824s9999 xx 000 0 und d
245
0
_a
VEDA
_c
AYŞE KULİN
260
_b
EVEREST YAYINLARI
999
_c
714671
_d
714671